<?xml version="1.0" encoding="UTF-8"?><?xml-stylesheet type="text/xsl" href="static/style.xsl"?><OAI-PMH xmlns="http://www.openarchives.org/OAI/2.0/" xmlns:xsi="http://www.w3.org/2001/XMLSchema-instance" xsi:schemaLocation="http://www.openarchives.org/OAI/2.0/ http://www.openarchives.org/OAI/2.0/OAI-PMH.xsd"><responseDate>2026-06-07T06:20:28Z</responseDate><request verb="GetRecord" identifier="oai:docta.ucm.es:20.500.14352/71757" metadataPrefix="marc">https://docta.ucm.es/rest/oai/request</request><GetRecord><record><header><identifier>oai:docta.ucm.es:20.500.14352/71757</identifier><datestamp>2023-08-26T05:27:31Z</datestamp><setSpec>com_20.500.14352_14</setSpec><setSpec>col_20.500.14352_15</setSpec></header><metadata><record xmlns="http://www.loc.gov/MARC21/slim" xmlns:dcterms="http://purl.org/dc/terms/" xmlns:xsi="http://www.w3.org/2001/XMLSchema-instance" xmlns:doc="http://www.lyncode.com/xoai" xsi:schemaLocation="http://www.loc.gov/MARC21/slim http://www.loc.gov/standards/marcxml/schema/MARC21slim.xsd">
   <leader>00925njm 22002777a 4500</leader>
   <datafield ind2=" " ind1=" " tag="042">
      <subfield code="a">dc</subfield>
   </datafield>
   <datafield ind2=" " ind1=" " tag="720">
      <subfield code="a">Bikdeli, Behnood</subfield>
      <subfield code="e">author</subfield>
   </datafield>
   <datafield ind2=" " ind1=" " tag="720">
      <subfield code="a">Jiménez, David</subfield>
      <subfield code="e">author</subfield>
   </datafield>
   <datafield ind2=" " ind1=" " tag="720">
      <subfield code="a">Demelo Rodríguez, Pablo</subfield>
      <subfield code="e">author</subfield>
   </datafield>
   <datafield ind2=" " ind1=" " tag="720">
      <subfield code="a">Galeano Valle, Francisco</subfield>
      <subfield code="e">author</subfield>
   </datafield>
   <datafield ind2=" " ind1=" " tag="720">
      <subfield code="a">Porras, José Antonio</subfield>
      <subfield code="e">author</subfield>
   </datafield>
   <datafield ind2=" " ind1=" " tag="720">
      <subfield code="a">Barba, Raquel</subfield>
      <subfield code="e">author</subfield>
   </datafield>
   <datafield ind2=" " ind1=" " tag="720">
      <subfield code="a">Ay, Cihan</subfield>
      <subfield code="e">author</subfield>
   </datafield>
   <datafield ind2=" " ind1=" " tag="720">
      <subfield code="a">Malý, Radovan</subfield>
      <subfield code="e">author</subfield>
   </datafield>
   <datafield ind2=" " ind1=" " tag="720">
      <subfield code="a">Braester, Andrei</subfield>
      <subfield code="e">author</subfield>
   </datafield>
   <datafield ind2=" " ind1=" " tag="720">
      <subfield code="a">Imbalzano, Egidio</subfield>
      <subfield code="e">author</subfield>
   </datafield>
   <datafield ind2=" " ind1=" " tag="720">
      <subfield code="a">Rosa, Vladimir</subfield>
      <subfield code="e">author</subfield>
   </datafield>
   <datafield ind2=" " ind1=" " tag="720">
      <subfield code="a">Lecumberri, Ramón</subfield>
      <subfield code="e">author</subfield>
   </datafield>
   <datafield ind2=" " ind1=" " tag="720">
      <subfield code="a">Siniscalchi, Carmine</subfield>
      <subfield code="e">author</subfield>
   </datafield>
   <datafield ind2=" " ind1=" " tag="720">
      <subfield code="a">Fidalgo, Ángeles</subfield>
      <subfield code="e">author</subfield>
   </datafield>
   <datafield ind2=" " ind1=" " tag="720">
      <subfield code="a">Ortiz, Salvador</subfield>
      <subfield code="e">author</subfield>
   </datafield>
   <datafield ind2=" " ind1=" " tag="720">
      <subfield code="a">Monreal, Manuel</subfield>
      <subfield code="e">author</subfield>
   </datafield>
   <datafield ind2=" " ind1=" " tag="260">
      <subfield code="c">2022-01-18</subfield>
   </datafield>
   <datafield ind2=" " ind1=" " tag="520">
      <subfield code="a">Background: Venous thromboembolism (VTE)—including deep vein thrombosis, pulmonary embolism, and cerebral venous sinus thrombosis (CVST)—may occur early after vaccination against the severe acute respiratory syndrome coronavirus 2 (SARS-CoV-2). We sought to describe the site, clinical characteristics, and outcomes of VTE after vaccination against SARS-CoV-2. Methods: In a prospective study using the Registro Informatizado de Enfermedad TromboEmbólica (RIETE) platform, patients with VTE 4–30 days after vaccination against SARS-CoV-2 (1 February 2021 through 30 April 2021) were included. VTE patients recruited from the same centers into RIETE in the same months in 2018–2019 were selected as the reference group. All-cause mortality and major bleeding were the main study outcomes. Results: As of 30 April 2020, 102 patients with post-vaccination VTEs had been identified (28 after adenovirus-based vaccination [ChAdOx1 nCov-19; AstraZeneca] and 74 after mRNA-based vaccination [mRNA-1273; Moderna, and BNT162b2; Pfizer]). Compared with 911 historical controls, patients with VTE after adenovirus-based vaccination more frequently had CVST (10.7% vs. 0.4%, p &lt; 0.001) or thrombosis at multiple sites (17.9% vs. 1.3%, p &lt; 0.001), more frequently had thrombocytopenia (40.7% vs. 14.7%, p &lt; 0.001), and had higher 14-day mortality (14.3% vs. 0.7%; odds ratio [OR]: 25.1; 95% confidence interval [CI]: 6.7–94.9) and major bleeding rates (10.3% vs. 1.0%, OR: 12.03, 95% CI: 3.07–47.13). The site of thrombosis, accompanying thrombocytopenia, and 14-day mortality rates were not significantly different for patients with VTE after mRNA-based vaccination, compared with historical controls. Conclusions: Compared with historical controls, VTE after adenovirus-based vaccination against SARS-CoV-2 is accompanied by thrombocytopenia, occurs in unusual sites, and is associated with worse clinical outcomes.</subfield>
   </datafield>
   <datafield ind1="8" ind2=" " tag="024">
      <subfield code="a">1999-4915</subfield>
   </datafield>
   <datafield ind1="8" ind2=" " tag="024">
      <subfield code="a">10.3390/v14020178</subfield>
   </datafield>
   <datafield ind1="8" ind2=" " tag="024">
      <subfield code="a">https://hdl.handle.net/20.500.14352/71757</subfield>
   </datafield>
   <datafield ind1="8" ind2=" " tag="024">
      <subfield code="a">https://doi.org/10.3390/v14020178</subfield>
   </datafield>
   <datafield ind1="8" ind2=" " tag="024">
      <subfield code="a">https://www.mdpi.com/1999-4915/14/2/178/htm</subfield>
   </datafield>
   <datafield ind2="0" ind1="0" tag="245">
      <subfield code="a">Venous Thrombosis within 30 Days after Vaccination against SARS-CoV-2 in a Multinational Venous Thromboembolism Registry</subfield>
   </datafield>
</record></metadata></record></GetRecord></OAI-PMH>